[Event "C.to Provinciale VR"]
[Site "Zevio ITA"]
[Date "2014.01.18"]
[Round "1"]
[White "Fiscato, Claudio"]
[Black "Morandini, Alessandro"]
[WhiteElo "1768"]
[BlackElo "1307"]
[Result "1-0"]
[PlyCount "55"]
[EventDate "2014.01.18"]

1. e4 b6 2. d4 Bb7 3. Bd3 e6 4. Nf3 Nf6 5. Qe2 Be7 6. O-O c5 7. c3 O-O 8. Nbd2
d6 9. Rd1 cxd4 10. cxd4 Nc6 11. Nf1 Nb4 12. Bb1 d5 13. e5 Ne4 14. a3 Ba6 15.
Qe1 Nc6 16. Bxe4 dxe4 17. Qxe4 Qc7 18. Be3 Rfd8 19. Rac1 Rac8 20. b4 Rd5 21.
Bf4 Qd7 22. Ne3 Be2 23. Nxd5 Bxd1 24. Nxe7+ Nxe7 25. Rxd1 Nd5 26. Bd2 Qa4 27.
Ra1 h6 28. Qe1 1-0

[Event "C.to Provinciale VR"]
[Site "Zevio ITA"]
[Date "2014.01.18"]
[Round "1"]
[White "Gallo, Pietro"]
[Black "De Paoli, Emilio"]
[WhiteElo "1550"]
[BlackElo "1816"]
[Result "1/2-1/2"]
[PlyCount "47"]
[EventDate "2014.01.18"]

1. d4 c5 2. dxc5 e6 3. Nc3 Bxc5 4. e4 Nc6 5. Nf3 Nf6 6. Bg5 Qb6 7. Qd2 Ng4 8.
Bh4 O-O 9. Rb1 Nce5 10. Nxe5 Nxe5 11. Na4 Qb4 12. Nxc5 Qxc5 13. Be2 d5 14. exd5
exd5 15. O-O Bf5 16. Bd3 Nxd3 17. cxd3 h6 18. Rbc1 Qb5 19. d4 Rac8 20. Rfe1 Be4
21. Bg3 Rc6 22. Rxc6 bxc6 23. Rc1 Rc8 24. Rc5 1/2-1/2

[Event "C.to Provinciale VR"]
[Site "Zevio ITA"]
[Date "2014.01.18"]
[Round "1"]
[White "Kurylovich, Alena"]
[Black "Dalla Vecchia, Paolo"]
[WhiteElo "1615"]
[BlackElo "1884"]
[Result "0-1"]
[PlyCount "86"]
[EventDate "2014.01.18"]

1. d4 Nf6 2. c4 c5 3. Nf3 e6 4. Bg5 cxd4 5. Nxd4 Qa5+ 6. Nc3 Qxg5 7. e3 Bb4 8.
Qc2 Nc6 9. Nf3 Qa5 10. Bd3 O-O 11. O-O Bxc3 12. bxc3 Ne5 13. Be2 Nxf3+ 14. Bxf3
Qc5 15. Qd3 Rb8 16. Rab1 b6 17. Rb5 Qc7 18. Rfb1 Ba6 19. R5b4 d5 20. Qc2 Bxc4
21. a4 Rfd8 22. h3 Ne4 23. Rd1 Nc5 24. Be2 Bxe2 25. Qxe2 Ne4 26. Rc1 a5 27. Rb3
Qc4 28. Qc2 Qxa4 29. Qb2 Qc6 30. Ra1 Nd6 31. Qc2 f6 32. Rab1 b5 33. Qd3 Rdc8
34. f3 a4 35. Ra3 Nc4 36. Ra2 Ne5 37. Qe2 Qxc3 38. Rxb5 Rxb5 39. Qxb5 Qxe3+ 40.
Kh2 Qf4+ 41. Kg1 Rc1+ 42. Kf2 Qh4+ 43. Ke3 d4+ 0-1

[Event "C.to Provinciale VR"]
[Site "Zevio ITA"]
[Date "2014.01.18"]
[Round "1"]
[White "Luciani, Valerio"]
[Black "Marcori, Mirko"]
[WhiteElo "2229"]
[BlackElo "1752"]
[Result "1-0"]
[PlyCount "97"]
[EventDate "2014.01.18"]

1. d4 Nf6 2. c4 g6 3. Nc3 Bg7 4. e4 d6 5. f3 O-O 6. Be3 e5 7. Nge2 Nh5 8. Qd2
f5 9. O-O-O f4 10. Bf2 Nc6 11. Kb1 a5 12. d5 Nb8 13. c5 Na6 14. cxd6 cxd6 15.
Nc1 b6 16. Bb5 Rf7 17. Nd3 Nc5 18. b3 Ba6 19. Nb2 Nf6 20. Nc4 Bxb5 21. Nxb5 Ne8
22. Rc1 Rb7 23. Rc3 Bf8 24. a4 Qd7 25. Rhc1 Qd8 26. Kb2 Nc7 27. Nca3 Nxb5 28.
Nxb5 Rc8 29. R1c2 Ra8 30. Qc1 Qd7 31. g3 g5 32. h4 h6 33. hxg5 hxg5 34. gxf4
exf4 35. Bd4 Bg7 36. Qg1 Bxd4 37. Nxd4 Qg7 38. Rg2 Qf6 39. Rxg5+ Rg7 40. Rxg7+
Qxg7 41. Qxg7+ Kxg7 42. Nf5+ Kf6 43. Nxd6 Rh8 44. Nc4 Rb8 45. Nxb6 Rxb6 46.
Rxc5 Ke5 47. d6+ Kxd6 48. Rxa5 Rb4 49. Rf5 1-0

[Event "C.to Provinciale VR"]
[Site "Zevio ITA"]
[Date "2014.01.18"]
[Round "1"]
[White "Negro, Raffaele"]
[Black "Mattioli, Mario"]
[WhiteElo "1802"]
[BlackElo "1533"]
[Result "1-0"]
[PlyCount "59"]
[EventDate "2014.01.18"]

1. d4 d5 2. Bf4 Nf6 3. e3 c5 4. c3 Nc6 5. Nd2 Bf5 6. Qb3 Qb6 7. dxc5 Qxb3 8.
axb3 e5 9. Bg3 Bxc5 10. b4 Bd6 11. Ngf3 Nd7 12. Bb5 Ke7 13. O-O a6 14. Be2 Nf6
15. Ra2 Ne4 16. Rfa1 Ke6 17. b5 Ne7 18. bxa6 bxa6 19. Rxa6 Rxa6 20. Rxa6 f6 21.
Nxe4 Bxe4 22. Nd2 Nf5 23. Bg4 Rc8 24. f3 Bd3 25. e4 Bxa6 26. Bxf5+ Ke7 27. Bxc8
Bxc8 28. exd5 Bc5+ 29. Bf2 Kd6 30. Ne4+ 1-0

[Event "C.to Provinciale VR"]
[Site "Zevio ITA"]
[Date "2014.01.18"]
[Round "1"]
[White "Negro, Roberto"]
[Black "Cordioli, Luca"]
[WhiteElo "2169"]
[BlackElo "1738"]
[Result "1-0"]
[PlyCount "45"]
[EventDate "2014.01.18"]

1. c4 Nf6 2. g3 g6 3. Bg2 Bg7 4. Nc3 O-O 5. Rb1 e5 6. Nf3 d6 7. O-O c6 8. d3 h6
9. b4 Nh7 10. d4 Bf5 11. e4 Bg4 12. d5 f5 13. Qd3 Nf6 14. Nh4 fxe4 15. Nxe4
Nxe4 16. Bxe4 Bf5 17. Bxf5 gxf5 18. Nxf5 Qf6 19. Nxg7 Kxg7 20. Be3 cxd5 21.
Qxd5 Rf7 22. f4 exf4 23. Bd4 1-0

[Event "C.to Provinciale VR"]
[Site "Zevio ITA"]
[Date "2014.01.18"]
[Round "1"]
[White "Oppici, Gabriele"]
[Black "Menini, Luca"]
[WhiteElo "1977"]
[BlackElo "1689"]
[Result "1/2-1/2"]
[PlyCount "105"]
[EventDate "2014.01.18"]

1. d4 Nf6 2. Nf3 e6 3. Bf4 c5 4. e3 d5 5. c3 Bd7 6. Bd3 Nc6 7. Nbd2 Be7 8. Ne5
cxd4 9. exd4 h6 10. Qf3 Rc8 11. g4 Nxe5 12. Bxe5 Qb6 13. Rb1 Bb5 14. Rg1 Bxd3
15. Qxd3 Bd6 16. g5 Bxe5 17. dxe5 Ne4 18. Nxe4 dxe4 19. Qxe4 hxg5 20. Rxg5 Rxh2
21. Qf3 Rxc3 22. bxc3 Qxb1+ 23. Kd2 Qb2+ 24. Kd3 Rxf2 25. Qe3 Qb5+ 26. c4 Qb1+
27. Kd4 Qb6+ 28. Kd3 Qxe3+ 29. Kxe3 Rf5 30. Rxg7 Kf8 31. Rg2 Rxe5+ 32. Kd4 Re1
33. Kc5 Ke7 34. Rb2 b6+ 35. Kc6 Rc1 36. Rb4 f5 37. Ra4 Kf6 38. Rxa7 Rxc4+ 39.
Kxb6 f4 40. Kb5 Rc1 41. Ra8 Ke5 42. a4 f3 43. Rf8 Ke4 44. a5 e5 45. a6 Ke3 46.
a7 Ra1 47. a8=Q Rxa8 48. Rxa8 e4 49. Kc4 f2 50. Rf8 Ke2 51. Kd4 e3 52. Rf7 Kd2
53. Rf8 1/2-1/2

[Event "C.to Provinciale VR"]
[Site "Zevio ITA"]
[Date "2014.01.18"]
[Round "1"]
[White "Sprea, Giuseppe"]
[Black "Curto, Carlo Alberto"]
[WhiteElo "1915"]
[BlackElo "1657"]
[Result "1-0"]
[PlyCount "105"]
[EventDate "2014.01.18"]

1. d4 d5 2. c4 e6 3. Nf3 Nf6 4. g3 c6 5. Bg2 Be7 6. O-O O-O 7. Qc2 Na6 8. Bd2
Bd7 9. Rd1 Rc8 10. c5 Nc7 11. Ba5 Qe8 12. Bxc7 Rxc7 13. Nc3 b6 14. b4 Bc8 15.
Ne5 Nd7 16. cxb6 axb6 17. Nb5 Nxe5 18. Nxc7 Qd7 19. Nxd5 cxd5 20. dxe5 Bxb4 21.
Be4 g6 22. Qb2 Bc5 23. a4 Qa7 24. Bg2 Bd7 25. e3 Qa5 26. Bf1 Ra8 27. Bb5 Ra7
28. Bxd7 Rxd7 29. Qb5 Qxb5 30. axb5 Kg7 31. Kf1 f6 32. exf6+ Kxf6 33. Ke2 g5
34. Ra4 h5 35. f3 Rd6 36. h4 e5 37. hxg5+ Kxg5 38. Rh4 d4 39. e4 Rf6 40. Rf1
Bd6 41. Kd3 Rf8 42. Kc4 Bb8 43. Rh2 Rd8 44. Kd3 Rc8 45. Rc2 Rc5 46. Rfc1 Bd6
47. Rxc5 bxc5 48. b6 h4 49. gxh4+ Kxh4 50. b7 Kg3 51. Rxc5 Bxc5 52. b8=Q Kxf3
53. Qxe5 1-0

[Event "C.to Provinciale VR"]
[Site "Zevio ITA"]
[Date "2014.01.18"]
[Round "1"]
[White "Tencheni, Maurizio"]
[Black "Della Sala, Bruno"]
[WhiteElo "1684"]
[BlackElo "1959"]
[Result "0-1"]
[PlyCount "102"]
[EventDate "2014.01.18"]

1. c4 c5 2. Nc3 g6 3. g3 Bg7 4. Bg2 Nc6 5. Nf3 d6 6. O-O e6 7. d3 Nge7 8. Bg5
Qd7 9. Qd2 h6 10. Be3 b6 11. Ne1 Bb7 12. f4 O-O 13. Nc2 d5 14. cxd5 exd5 15.
Bf2 Rad8 16. d4 Nxd4 17. Nxd4 cxd4 18. Bxd4 Bxd4+ 19. Qxd4 Nf5 20. Qd3 Rfe8 21.
e4 dxe4 22. Qxd7 Rxd7 23. Rfe1 e3 24. Bxb7 Rxb7 25. Rad1 Kg7 26. Nb5 h5 27. Nd6
Nxd6 28. Rxd6 Rc7 29. Kf1 Rc2 30. Re2 Rc1+ 31. Kg2 Re7 32. Rd3 Kf6 33. Kf3 Rf1+
34. Kg2 Rf2+ 35. Rxf2 e2 36. Rd6+ Kg7 37. Rxe2 Rxe2+ 38. Kh3 Rxb2 39. a4 Ra2
40. Rd4 Kf6 41. Re4 Kg7 42. Rd4 Kf8 43. Rd8+ Ke7 44. Rd4 Ke6 45. f5+ Kxf5 46.
Rf4+ Kg5 47. Rxf7 Rxa4 48. Rd7 Ra2 49. Rd5+ Kh6 50. Rd4 a5 51. Rd5 Rb2 0-1

[Event "C.to Provinciale VR"]
[Site "Zevio ITA"]
[Date "2014.01.18"]
[Round "1"]
[White "Vezzelli, Daniele"]
[Black "Giuriato, Sergio"]
[WhiteElo "1661"]
[BlackElo "1936"]
[Result "1/2-1/2"]
[PlyCount "70"]
[EventDate "2014.01.18"]

1. e4 Nc6 2. Nf3 e5 3. Bb5 a6 4. Ba4 Nf6 5. d3 d6 6. h3 Be7 7. c3 h6 8. O-O O-O
9. Re1 b5 10. Bb3 Na5 11. Bc2 c5 12. d4 Qc7 13. Nbd2 Bd7 14. Nf1 cxd4 15. cxd4
Rfc8 16. Bd3 Nc6 17. Bb1 a5 18. Ne3 Nxd4 19. Nxd4 exd4 20. Qxd4 Qc5 21. Qd2 a4
22. a3 Bd8 23. Rd1 Ba5 24. Qc2 Qe5 25. Qd3 Be6 26. f4 Qc5 27. Kh1 Bb3 28. Rf1
Bc4 29. Nxc4 bxc4 30. Qf3 c3 31. bxc3 Qxc3 32. Qxc3 Bxc3 33. Ra2 Rab8 34. Bd3
Nd7 35. Be3 Nc5 1/2-1/2

[Event "C.to Provinciale VR"]
[Site "Zevio ITA"]
[Date "2014.01.18"]
[Round "1"]
[White "Zanchetta, Nicola"]
[Black "Leone, Cataldo"]
[WhiteElo "1897"]
[BlackElo "1619"]
[Result "1-0"]
[PlyCount "101"]
[EventDate "2014.01.18"]

1. d4 d5 2. Nc3 Nf6 3. Bg5 e6 4. e4 h6 5. Bxf6 gxf6 6. exd5 exd5 7. Qe2+ Be6 8.
O-O-O Nc6 9. f4 Be7 10. g3 Qd7 11. Nf3 O-O-O 12. Qd2 a6 13. Bg2 Bf5 14. Nh4 Be6
15. Rdf1 f5 16. Nf3 Bb4 17. a3 Ba5 18. Bh3 f6 19. Re1 Rhe8 20. Qd3 Ne7 21. Nh4
Bb6 22. Re2 Nc6 23. Na4 Bxd4 24. Rhe1 Kb8 25. Bxf5 Bxf5 26. Nxf5 Rxe2 27. Rxe2
Ba7 28. Nc3 h5 29. Nd1 d4 30. Nf2 Re8 31. Rxe8+ Qxe8 32. Qe4 Qg6 33. Nh4 Qxe4
34. Nxe4 d3 35. cxd3 Bg1 36. h3 Bh2 37. Nf3 f5 38. Nxh2 fxe4 39. dxe4 Nd4 40.
Kd2 c5 41. Kd3 Kc7 42. g4 hxg4 43. hxg4 a5 44. e5 a4 45. f5 b5 46. Nf1 Nf3 47.
Ke4 Ng5+ 48. Kd5 c4 49. Nd2 Nf3 50. Nxf3 c3 51. bxc3 1-0

[Event "C.to Provinciale VR"]
[Site "Zevio ITA"]
[Date "2014.01.18"]
[Round "1"]
[White "Zonta, Riccardo"]
[Black "Rizzati, Aldo"]
[WhiteElo "1634"]
[BlackElo "1908"]
[Result "0-1"]
[PlyCount "60"]
[EventDate "2014.01.18"]

1. e4 e5 2. Nc3 Bc5 3. g3 Nf6 4. Bg2 d6 5. Nge2 Bg4 6. f3 Be6 7. d4 exd4 8.
Nxd4 h6 9. O-O Nc6 10. Be3 O-O 11. Kh1 Bc4 12. Re1 Bb4 13. Nxc6 bxc6 14. a3 Ba5
15. b4 Bb6 16. Bxb6 axb6 17. Ne2 Re8 18. Nd4 c5 19. Nf5 Qd7 20. bxc5 bxc5 21.
Ne3 Be6 22. f4 Bh3 23. e5 Bxg2+ 24. Nxg2 Nh7 25. Qd3 Qc6 26. exd6 cxd6 27.
Rxe8+ Rxe8 28. h4 Nf6 29. Rb1 Ng4 30. Qb5 Re1+ 0-1

[Event "C.to Provinciale VR"]
[Site "Zevio ITA"]
[Date "2014.01.19"]
[Round "2"]
[White "Bartiromo, Gerardo"]
[Black "Marcori, Mirko"]
[WhiteElo "1676"]
[BlackElo "1752"]
[Result "0-1"]
[PlyCount "130"]
[EventDate "2014.01.18"]

1. e4 e6 2. d4 d5 3. Nd2 Nc6 4. Bb5 Bd7 5. Bxc6 Bxc6 6. e5 Ne7 7. Ngf3 Ng6 8.
O-O Be7 9. c3 O-O 10. Re1 Bd7 11. b4 b6 12. a4 c5 13. Ba3 Rc8 14. dxc5 bxc5 15.
b5 c4 16. Bxe7 Qxe7 17. g3 f6 18. Qe2 fxe5 19. Nxe5 Nxe5 20. Qxe5 Qc5 21. Qd4
Qxd4 22. cxd4 Kf7 23. Nf3 Ke7 24. Ne5 Rc7 25. Re3 Kd6 26. f4 Rf6 27. Rf1 Rb7
28. Rb1 Be8 29. Rc3 a6 30. Kf2 axb5 31. axb5 Rxb5 32. Rxb5 Bxb5 33. Ke3 Rf8 34.
h4 Rb8 35. g4 Be8 36. h5 Rb3 37. Kd2 Rb2+ 38. Rc2 Rxc2+ 39. Kxc2 Ba4+ 40. Kc3
Bd1 41. Kb4 Ke7 42. Kc3 Ba4 43. Kb4 Be8 44. Kc3 Kf6 45. Kd2 g5 46. fxg5+ Kxg5
47. Ke3 Kh4 48. Kf4 c3 49. Nd3 c2 50. Nc1 Bd7 51. h6 Be8 52. Nd3 Bg6 53. Nc1
Be4 54. Ne2 Kh3 55. g5 Kg2 56. Ke3 Bg6 57. Kd2 Kf3 58. Ng1+ Kg4 59. Kc1 Kxg5
60. Nf3+ Kxh6 61. Ne5 Bf5 62. Nf7+ Kg6 63. Ne5+ Kg5 64. Nf3+ Kf4 65. Ne1 Ke3
0-1

[Event "C.to Provinciale VR"]
[Site "Zevio ITA"]
[Date "2014.01.19"]
[Round "2"]
[White "Bertani, Gianfranco"]
[Black "Cavicchi, Francesco"]
[WhiteElo "2071"]
[BlackElo "1705"]
[Result "1-0"]
[PlyCount "69"]
[EventDate "2014.01.18"]

1. d4 Nf6 2. e3 d5 3. Bd3 c6 4. f4 Bg4 5. Nf3 e6 6. O-O Ne4 7. Qe1 f5 8. Ne5
Bh5 9. c4 Nd7 10. Bd2 Nxe5 11. fxe5 a5 12. cxd5 Qxd5 13. Nc3 Nxc3 14. bxc3 Bg6
15. g4 fxg4 16. c4 Qd7 17. Bxg6+ hxg6 18. Qg3 Bb4 19. Bxb4 axb4 20. Qxg4 Rh6
21. d5 cxd5 22. cxd5 Qxd5 23. Qxb4 O-O-O 24. Rf8 Rh5 25. e4 Qd3 26. Qc5+ Kb8
27. Rxd8+ Qxd8 28. Rf1 Rh8 29. Qd6+ Ka7 30. Rd1 Qh4 31. Qd4+ Kb8 32. Rd2 Qe1+
33. Kg2 Rf8 34. Qd6+ Ka7 35. Qa3+ 1-0

[Event "C.to Provinciale VR"]
[Site "Zevio ITA"]
[Date "2014.01.19"]
[Round "2"]
[White "Cacco, Christian"]
[Black "Zanchetta, Nicola"]
[WhiteElo "2332"]
[BlackElo "1897"]
[Result "1-0"]
[PlyCount "133"]
[EventDate "2014.01.18"]

1. d4 Nf6 2. Nf3 d5 3. c4 e6 4. Bg5 Nbd7 5. e3 c6 6. Nc3 Qa5 7. Bxf6 Nxf6 8.
Nd2 Bb4 9. Qb3 Ne4 10. Ndxe4 dxe4 11. Be2 O-O 12. O-O Bxc3 13. bxc3 c5 14. dxc5
Qxc5 15. Qb4 Qe5 16. c5 Qc7 17. Rfd1 Bd7 18. Qxe4 Bc6 19. Qb4 Qe5 20. Rd4 a5
21. Qb6 Qg5 22. Bf1 a4 23. a3 e5 24. Rd6 Kh8 25. Re1 f5 26. Qb4 f4 27. e4 h5
28. f3 h4 29. h3 Rf6 30. Red1 Raf8 31. Bb5 Rg6 32. Rxg6 Qxg6 33. Bxc6 Qxc6 34.
Rd6 Qc7 35. Qb6 Rc8 36. Qxc7 Rxc7 37. Rd5 Re7 38. Kf2 Kg8 39. Ke2 Kf7 40. Kd3
Ke6 41. Rd6+ Kf7 42. Kc4 Rc7 43. Kd5 g6 44. c4 g5 45. Kxe5 Rxc5+ 46. Kd4 Rc7
47. Rd5 Kf6 48. Kc3 b6 49. Rd6+ Ke5 50. Rg6 Rc5 51. Rxg5+ Ke6 52. Rg6+ Ke5 53.
Rg4 Ke6 54. Kd4 Rc8 55. Rxf4 Rd8+ 56. Kc3 Rd1 57. Rxh4 Rg1 58. Rg4 Rb1 59. h4
Ke5 60. Rg5+ Kf4 61. Rb5 Ra1 62. Kb4 Rc1 63. Rxb6 Rb1+ 64. Ka5 Rc1 65. Kxa4
Rxc4+ 66. Kb3 Rc1 67. Rg6 1-0

[Event "C.to Provinciale VR"]
[Site "Zevio ITA"]
[Date "2014.01.19"]
[Round "2"]
[White "Contarini, Roberto"]
[Black "Antolini, Aldo"]
[WhiteElo "1440"]
[BlackElo "1737"]
[Result "0-1"]
[PlyCount "50"]
[EventDate "2014.01.18"]

1. e4 c5 2. c4 Nc6 3. Nf3 g6 4. Nc3 Bg7 5. Be2 d6 6. h3 Nf6 7. O-O O-O 8. d3
Bd7 9. Rb1 a6 10. Be3 b5 11. b3 Nh5 12. Nd5 Nf6 13. Bd2 b4 14. Re1 Re8 15. Bg5
Nxd5 16. cxd5 Nd4 17. Nxd4 Bxd4 18. Bh4 a5 19. Kh2 a4 20. f4 axb3 21. axb3 Qc8
22. Rf1 Ra2 23. Bf2 Bg7 24. Kg1 Bc3 25. g4 Rd2 0-1

[Event "C.to Provinciale VR"]
[Site "Zevio ITA"]
[Date "2014.01.19"]
[Round "2"]
[White "Curto, Carlo Alberto"]
[Black "Di Tullio, Giuseppe"]
[WhiteElo "1657"]
[BlackElo "1440"]
[Result "1-0"]
[PlyCount "65"]
[EventDate "2014.01.18"]

1. e4 e5 2. Nf3 d6 3. d4 exd4 4. Nxd4 Nf6 5. Nc3 c5 6. Nf3 Nc6 7. Bb5 Bd7 8.
O-O g6 9. Bg5 Bg7 10. Qxd6 a6 11. Bxc6 bxc6 12. Qxc5 Qe7 13. Qxe7+ Kxe7 14. e5
h6 15. exf6+ Bxf6 16. Bxf6+ Kxf6 17. Ne4+ Kg7 18. Nc5 Bf5 19. c3 g5 20. Rfe1 g4
21. Nd4 Kg6 22. Nxf5 Kxf5 23. g3 Rhd8 24. Rad1 Rdb8 25. b3 Kg6 26. Rd6+ f6 27.
Ree6 Kg5 28. Rxf6 Re8 29. Ne6+ Kh5 30. Nf4+ Kg5 31. Rxc6 Re1+ 32. Kg2 Rae8 33.
Rxh6 1-0

[Event "C.to Provinciale VR"]
[Site "Zevio ITA"]
[Date "2014.01.19"]
[Round "2"]
[White "Dalla Vecchia, Paolo"]
[Black "Negro, Roberto"]
[WhiteElo "1884"]
[BlackElo "2169"]
[Result "0-1"]
[PlyCount "138"]
[EventDate "2014.01.18"]

1. d4 g6 2. Nf3 Bg7 3. e4 d6 4. h3 Nf6 5. Bd3 O-O 6. c4 Nbd7 7. Nc3 e5 8. d5 h6
9. Be3 Nc5 10. Bc2 a5 11. Qd2 Kh7 12. Bxc5 dxc5 13. O-O-O Ne8 14. Qe3 b6 15.
Rhe1 Nd6 16. Qe2 Bd7 17. a4 Qe7 18. Nd2 Rae8 19. f3 Kh8 20. Nb5 Bxb5 21. cxb5
Bf6 22. Nc4 Bh4 23. Rf1 Nxc4 24. Qxc4 Qg5+ 25. Rd2 Bg3 26. Kd1 Bf4 27. Re2 Bg3
28. Bd3 h5 29. Kc2 h4 30. Kb1 Bf4 31. Qc3 Be3 32. Bc2 Bd4 33. Qd2 Qh5 34. f4
exf4 35. Rxf4 Kg7 36. Qe1 Rh8 37. Qf1 Re7 38. Bb3 f6 39. Rg4 Qe5 40. Qe1 g5 41.
g3 hxg3 42. Qxg3 Qxg3 43. Rxg3 Rh4 44. Bc2 Re8 45. Rd2 Reh8 46. Rdd3 Rxe4 47.
Rgf3 Re1+ 48. Rd1 Re2 49. b3 Re5 50. Bd3 Rxd5 51. Re1 Be5 52. Bc4 Rd2 53. Re2
Rd1+ 54. Kc2 Rhd8 55. Rd3 R1xd3 56. Bxd3 Rd4 57. Bc4 Kh6 58. Be6 Kh5 59. Bg4+
Kh4 60. Rd2 Kg3 61. Rd3+ Kf2 62. Rf3+ Kg2 63. Rd3 Rf4 64. Rd5 c4 65. Rd2+ Kg3
66. bxc4 Rxc4+ 67. Kb3 Rb4+ 68. Ka3 Bd6 69. Rd3+ Kh4 0-1

[Event "C.to Provinciale VR"]
[Site "Zevio ITA"]
[Date "2014.01.19"]
[Round "2"]
[White "De Paoli, Emilio"]
[Black "Vezzelli, Daniele"]
[WhiteElo "1816"]
[BlackElo "1661"]
[Result "1-0"]
[PlyCount "65"]
[EventDate "2014.01.18"]

1. c4 Nf6 2. Nc3 e6 3. e4 Nc6 4. d4 e5 5. d5 Ne7 6. d6 cxd6 7. Nb5 Nc6 8. Bg5
a6 9. Bxf6 gxf6 10. Nxd6+ Bxd6 11. Qxd6 Qa5+ 12. Qd2 Qxd2+ 13. Kxd2 d6 14. Ne2
Be6 15. Nc3 Nd4 16. Nd5 Bxd5 17. cxd5 Rc8 18. Bd3 Ke7 19. Rac1 Kd7 20. Rc3 Rc7
21. Rhc1 Rhc8 22. Be2 Nxe2 23. Kxe2 Rxc3 24. Rxc3 Rg8 25. Rh3 Rxg2 26. Rxh7 Ke7
27. Rh8 Kd7 28. h4 Rg1 29. Kf3 Rb1 30. b3 Ra1 31. h5 Rxa2 32. h6 Ra1 33. Kg2
1-0

[Event "C.to Provinciale VR"]
[Site "Zevio ITA"]
[Date "2014.01.19"]
[Round "2"]
[White "Della Sala, Bruno"]
[Black "Negro, Raffaele"]
[WhiteElo "1959"]
[BlackElo "1802"]
[Result "1/2-1/2"]
[PlyCount "101"]
[EventDate "2014.01.18"]

1. d4 b6 2. c4 e6 3. Nf3 Bb7 4. e3 Nf6 5. Bd3 Ne4 6. O-O Be7 7. b3 O-O 8. Bb2
d6 9. Qc2 f5 10. Nbd2 Nxd2 11. Nxd2 Nd7 12. f3 Nf6 13. Rae1 Qd7 14. e4 fxe4 15.
fxe4 Rad8 16. Rf3 Ng4 17. h3 Nf6 18. Rfe3 e5 19. dxe5 dxe5 20. Bxe5 Bc5 21. Kh1
Bxe3 22. Rxe3 Qe7 23. Nf3 Qc5 24. Re1 Rfe8 25. b4 Qxb4 26. Bc3 Qd6 27. Re3 Nxe4
28. Bxe4 Bxe4 29. Rxe4 Qd1+ 30. Ne1 Qxc2 31. Rxe8+ Rxe8 32. Nxc2 Re2 33. Nb4 a5
34. Nd5 Rxa2 35. Nxc7 Kf7 36. Bd4 a4 37. Nd5 Rc2 38. Nxb6 a3 39. Kh2 a2 40. Nd5
Rc1 41. Ne3 a1=Q 42. Bxa1 Rxa1 43. Kg3 Ke6 44. Kf4 h6 45. Ke4 Re1 46. Kd4 Re2
47. Kd3 Re1 48. Kd4 g5 49. Ke4 h5 50. Kd4 h4 51. Ke4 1/2-1/2

[Event "C.to Provinciale VR"]
[Site "Zevio ITA"]
[Date "2014.01.19"]
[Round "2"]
[White "Fiscato, Claudio"]
[Black "Sprea, Giuseppe"]
[WhiteElo "1768"]
[BlackElo "1915"]
[Result "0-1"]
[PlyCount "130"]
[EventDate "2014.01.18"]

1. e4 c5 2. Nc3 Nc6 3. f4 d6 4. Nf3 Nf6 5. Bb5 Bd7 6. Bc4 Bg4 7. Bb5 g6 8.
Bxc6+ bxc6 9. O-O Bg7 10. d3 Rb8 11. Rb1 O-O 12. Qe1 Ne8 13. Bd2 Nc7 14. Qh4
Bxf3 15. Rxf3 e6 16. Qxd8 Rfxd8 17. b3 f5 18. Kh1 Rd7 19. Na4 Nb5 20. c3 Rf7
21. e5 dxe5 22. Nxc5 exf4 23. Nxe6 Bxc3 24. Bxc3 Nxc3 25. Rc1 Re7 26. Rxc3 Rxe6
27. h4 Rb4 28. Rc4 Rxc4 29. dxc4 Re2 30. a4 Rb2 31. Rd3 a5 32. Rd8+ Kg7 33. Ra8
Rxb3 34. Rxa5 f3 35. gxf3 Rxf3 36. Kg2 Ra3 37. Rc5 Rxa4 38. Rxc6 Ra2+ 39. Kh3
Rc2 40. Rc7+ Kh6 41. c5 Rc3+ 42. Kh2 Rc2+ 43. Kh3 g5 44. hxg5+ Kxg5 45. Rxh7
Rxc5 46. Kg3 Rc3+ 47. Kf2 Kg4 48. Rg7+ Kf4 49. Rh7 Rc2+ 50. Kf1 Kg3 51. Rf7 f4
52. Rg7+ Kf3 53. Ke1 Ra2 54. Rc7 Ra1+ 55. Kd2 Kf2 56. Kd3 Re1 57. Rf7 f3 58.
Rf6 Kg2 59. Rg6+ Kf1 60. Rf6 f2 61. Rb6 Re8 62. Rb7 Rf8 63. Ke3 Kg2 64. Rg7+
Kh3 65. Rh7+ Kg4 0-1

[Event "C.to Provinciale VR"]
[Site "Zevio ITA"]
[Date "2014.01.19"]
[Round "2"]
[White "Fratton, Zeno"]
[Black "Oppici, Gabriele"]
[WhiteElo "1785"]
[BlackElo "1977"]
[Result "1/2-1/2"]
[PlyCount "61"]
[EventDate "2014.01.18"]

1. e4 d6 2. d4 Nf6 3. Nc3 Nbd7 4. f4 e5 5. Nf3 exd4 6. Nxd4 Nc5 7. e5 dxe5 8.
fxe5 Nd5 9. Bb5+ Bd7 10. Nxd5 Qh4+ 11. Kf1 O-O-O 12. Bxd7+ Rxd7 13. Nf4 Ne4 14.
Qf3 Rxd4 15. Be3 Nd2+ 16. Bxd2 Rxd2 17. Qe3 Qd8 18. Qxa7 Qd4 19. Qxd4 Rxd4 20.
Nd3 c5 21. Ke2 c4 22. Ke3 Rg4 23. Kf3 Rg5 24. h4 Rg6 25. Nf4 Rb6 26. b3 Ba3 27.
Rab1 Re8 28. Rhe1 Rc6 29. Re4 cxb3 30. Rxb3 Be7 31. c4 1/2-1/2

[Event "C.to Provinciale VR"]
[Site "Zevio ITA"]
[Date "2014.01.19"]
[Round "2"]
[White "Giuriato, Sergio"]
[Black "Gallo, Pietro"]
[WhiteElo "1936"]
[BlackElo "1550"]
[Result "1-0"]
[PlyCount "95"]
[EventDate "2014.01.18"]

1. d4 Nf6 2. c4 e6 3. g3 d5 4. Nf3 c5 5. cxd5 Nxd5 6. Bg2 Nc6 7. O-O Be7 8. Nc3
Nxc3 9. bxc3 O-O 10. e4 Bf6 11. Be3 Qa5 12. Qb3 cxd4 13. cxd4 Qb4 14. Rab1 Qxb3
15. Rxb3 Rd8 16. Rd1 b6 17. e5 Be7 18. Nd2 Bb7 19. f4 Rab8 20. Ne4 f5 21. Ng5
Bxg5 22. fxg5 Na5 23. Rc3 Bxg2 24. Kxg2 Rbc8 25. Rdc1 Rxc3 26. Rxc3 Rd7 27. Kf3
Kf7 28. g4 g6 29. h4 fxg4+ 30. Kxg4 Kg7 31. Kf3 Kf7 32. Kg4 Kg7 33. h5 Kf7 34.
Rc8 gxh5+ 35. Kxh5 Kg7 36. Rc2 Rf7 37. Kg4 Rd7 38. Kf3 Kg6 39. Rh2 Kg7 40. Rc2
Kg6 41. Ke4 Kg7 42. Rh2 Nc6 43. Rh6 Re7 44. Bc1 Nd8 45. Ba3 Re8 46. Rf6 Nf7 47.
Bc1 Kg8 48. Bf4 1-0

[Event "C.to Provinciale VR"]
[Site "Zevio ITA"]
[Date "2014.01.19"]
[Round "2"]
[White "Gneo, Marco"]
[Black "Faccia, Sergio"]
[WhiteElo "1775"]
[BlackElo "2033"]
[Result "1-0"]
[PlyCount "65"]
[EventDate "2014.01.18"]

1. Nf3 c5 2. c4 Nc6 3. g3 Nf6 4. Bg2 e5 5. Nc3 Be7 6. O-O O-O 7. Nd5 d6 8. a3
h6 9. Rb1 Be6 10. Ne1 Qd7 11. b4 cxb4 12. axb4 Bxd5 13. cxd5 Nd4 14. Bb2 Nb5
15. e4 Rac8 16. Qb3 Rc7 17. Nc2 Rfc8 18. Ne3 Ne8 19. Nf5 g6 20. Nxe7+ Qxe7 21.
Bh3 Rd8 22. Rbc1 Qg5 23. Rxc7 Nexc7 24. f4 Qh5 25. g4 Qh4 26. fxe5 dxe5 27.
Bxe5 Re8 28. Bf6 g5 29. Qf3 h5 30. Ba1 Nd6 31. Qf6 Kf8 32. Qxd6+ Kg8 33. Qf6
1-0

[Event "C.to Provinciale VR"]
[Site "Zevio ITA"]
[Date "2014.01.19"]
[Round "2"]
[White "Guerra, Alessandro"]
[Black "Bonini, Roberto"]
[WhiteElo "2190"]
[BlackElo "1872"]
[Result "1-0"]
[PlyCount "91"]
[EventDate "2014.01.18"]

1. e4 c5 2. Nf3 d6 3. Bc4 Nf6 4. Nc3 e6 5. O-O Be7 6. d4 cxd4 7. Nxd4 a6 8. a4
Qc7 9. Qe2 Nc6 10. Nxc6 bxc6 11. Bb3 O-O 12. a5 e5 13. h3 Be6 14. Bxe6 fxe6 15.
f4 exf4 16. Bxf4 e5 17. Qc4+ Kh8 18. Be3 Qb7 19. Rad1 Nd7 20. b3 Rxf1+ 21. Rxf1
Nf6 22. Qe6 Bf8 23. Bg5 Qc8 24. Qxc8 Rxc8 25. Bxf6 gxf6 26. Rxf6 Kg7 27. Rf3
Kg6 28. Kf1 Be7 29. Na4 d5 30. Nb6 Rd8 31. Rc3 Rd6 32. Ke2 Bd8 33. Rc5 dxe4 34.
Nc4 Re6 35. Nxe5+ Kf6 36. Nxc6 Be7 37. Nxe7 Kxe7 38. Rc7+ Kd6 39. Rxh7 Kc5 40.
Ke3 Kb4 41. Rh5 Rc6 42. Kxe4 Rxc2 43. g4 Rc3 44. g5 Rxb3 45. g6 Rg3 46. Kf5 1-0

[Event "C.to Provinciale VR"]
[Site "Zevio ITA"]
[Date "2014.01.19"]
[Round "2"]
[White "Jimchi, Abdelaziz"]
[Black "Caldonazzo, Matteo"]
[WhiteElo "1783"]
[BlackElo "1940"]
[Result "1-0"]
[PlyCount "113"]
[EventDate "2014.01.18"]

1. d4 f5 2. g3 g6 3. Bg2 Nf6 4. Nf3 Bg7 5. O-O O-O 6. b4 d6 7. Bb2 c6 8. Nbd2
Ne4 9. e3 d5 10. c4 e6 11. c5 Nd7 12. Qc2 Qe7 13. a4 e5 14. dxe5 Nxe5 15. Bxe5
Bxe5 16. Nxe5 Qxe5 17. Nf3 Qe7 18. Qb2 Bd7 19. Qe5 Qxe5 20. Nxe5 Rad8 21. Rfd1
Be6 22. Nf3 a5 23. Nd4 Bd7 24. Bxe4 fxe4 25. Rdb1 axb4 26. Rxb4 Bc8 27. a5 Rf7
28. Rb6 Rdf8 29. Ra2 Rc7 30. Ne2 Rff7 31. Nc3 Kg7 32. Na4 Rfe7 33. Rb4 Kf6 34.
Nb6 Re8 35. Rab2 Ke6 36. Nxc8 Rexc8 37. Rxb7 Rxb7 38. Rxb7 Ra8 39. Rb6 Rxa5 40.
Rxc6+ Kf5 41. Rc8 Ra2 42. c6 Rc2 43. c7 Ke6 44. Re8+ Kd7 45. Rd8+ Kxc7 46. Rxd5
Rc1+ 47. Kg2 Rc4 48. g4 h6 49. Kg3 g5 50. Rf5 Rc1 51. Re5 Rc4 52. Re6 Rc6 53.
Rxe4 Kd6 54. h4 Kd5 55. Re8 Rf6 56. hxg5 hxg5 57. Rg8 1-0